Večer s veľkou láskou Honoré de Balzaca rozhovor s poľskou herečkou B. Tyszkiewiczovou

Bibliographic Details
Main Authors: Malecová, Jarmila (Author, Interviewer), Tyszkiewiczová, Beata (Author)
Format: Article
Language:Slovak
PhysicalDescription:Obr.
Subjects:

MARC

LEADER 00000nab a2200000 a 4500
001 vtls008963146
003 SK-MaSNL
005 20260303070741.0
008 070219 1977 xo 000 0 slo
015 |a SNBRB1977 
040 |a SNKBUCL  |b slo  |c SNKBUCL  |e AACR2 
041 0 |a slo 
044 |a xo  |c SK 
080 |a 792.071.2  |2 2001 
080 |a 791.44.071.2  |2 2001 
080 |a 929 Tyszkiewiczová, Beata  |2 2001 
100 1 |a Malecová, Jarmila  |4 aut  |4 ivr  |9 681050 
245 1 0 |a Večer s veľkou láskou Honoré de Balzaca  |b rozhovor s poľskou herečkou B. Tyszkiewiczovou  |c Beata Tyszkiewiczová ; zap. Jarmila Malecová 
300 |a Obr. 
600 1 7 |a Tyszkiewiczová, Beata  |2 snkbucl  |9 929229 
655 7 |a rozhovory  |2 snkbucl  |9 31831 
700 1 |a Tyszkiewiczová, Beata  |4 aut  |4 ive  |9 929229 
773 0 |t Život  |g Roč. 27, č. 3 (1977), s. 14-16 
958 |a BC 
958 |a PL 
999 |c 1756766  |d 1758696